Llwytho...
National resource management : the role of remote sensing in decision making
| Prif Awdur: | |
|---|---|
| Awduron Eraill: | |
| Fformat: | Printed Book |
| Iaith: | Undetermined English |
| Cyhoeddwyd: |
New Delhi
Oxford and IBH Publishing Company Pvt Ltd
1990
|
| Pynciau: |
| LEADER | 00656nam a2200193Ia 4500 | ||
|---|---|---|---|
| 008 | 140306s9999 xx 000 0 und d | ||
| 020 | |a 8120405129 | ||
| 041 | |a eng | ||
| 082 | |a 658 |b GAN/NA | ||
| 100 | |a Ganapathy, R S | ||
| 245 | |a National resource management : the role of remote sensing in decision making | ||
| 260 | |a New Delhi |b Oxford and IBH Publishing Company Pvt Ltd |c 1990 | ||
| 300 | |a 74 | ||
| 365 | |b Rs. 150 | ||
| 650 | |a Agricultural management | ||
| 700 | |a Seetharaman, S P | ||
| 942 | |2 ddc |c BK | ||
| 999 | |c 179056 |d 179056 | ||
| 952 | |0 0 |1 0 |2 ddc |4 0 |6 658_000000000000000_GAN_NA |7 0 |9 184159 |a KAUCBV |b KAUCBV |g 150.00 |o 658 GAN/NA |r 2014-03-22 |w 2014-03-22 |y BK | ||